Fisura/ (Record no. 4079)

MARC details
000 -LEADER
campo de control de longitud fija 01255nam a22003977a 4500
003 - IDENTIFICADOR DE NÚMERO DE CONTROL
campo de control OSt
005 - FECHA Y HORA DE LA ÚLTIMA TRANSACCIÓN
campo de control 20230719151408.0
008 - DATOS DE LONGITUD FIJA--INFORMACIÓN GENERAL
campo de control de longitud fija 221006b |||||||| |||| 00| 0 eng d
040 ## - FUENTE DE CATALOGACIÓN
Centro/agencia transcriptor Biblioteca Lado V
082 ## - NÚMERO DE LA CLASIFICACIÓN DECIMAL DEWEY
Número de clasificación 700
Número de ítem M385f
100 ## - ENTRADA PRINCIPAL--NOMBRE DE PERSONA
9 (RLIN) 906
Nombre de persona Martinez Herryman, Lisset
Término indicativo de función/relación directora
245 ## - MENCIÓN DEL TÍTULO
Título Fisura/
Resto del título Revista de Literatura y Arte/
260 ## - PUBLICACIÓN, DISTRIBUCIÓN, ETC.
Nombre del editor, distribuidor, etc. FISURA INC.
Lugar de publicación, distribución, etc. New York
Fecha de publicación, distribución, etc. 2002
300 ## - DESCRIPCIÓN FÍSICA
Dimensiones 22x30cm
Extensión 48p.
490 ## - MENCIÓN DE SERIE
Mención de serie 2
Designación de volumen o secuencia 1
505 ## - NOTA DE CONTENIDO CON FORMATO
Nota de contenido con formato Pretextos
505 ## - NOTA DE CONTENIDO CON FORMATO
Nota de contenido con formato Figuras
505 ## - NOTA DE CONTENIDO CON FORMATO
Nota de contenido con formato Otras veces
505 ## - NOTA DE CONTENIDO CON FORMATO
Nota de contenido con formato Poemas
505 ## - NOTA DE CONTENIDO CON FORMATO
Nota de contenido con formato NYC Poem
505 ## - NOTA DE CONTENIDO CON FORMATO
Nota de contenido con formato Poesia Japonesa
505 ## - NOTA DE CONTENIDO CON FORMATO
Nota de contenido con formato Siete diferencias/Siete semejanzas
505 ## - NOTA DE CONTENIDO CON FORMATO
Nota de contenido con formato El derrumbe del otro
505 ## - NOTA DE CONTENIDO CON FORMATO
Nota de contenido con formato Nada mas Universal que el desierto
505 ## - NOTA DE CONTENIDO CON FORMATO
Nota de contenido con formato James Warren. Dream Houses
505 ## - NOTA DE CONTENIDO CON FORMATO
Nota de contenido con formato El enigma de la imagen tecnica.
505 ## - NOTA DE CONTENIDO CON FORMATO
Nota de contenido con formato Escenarios
505 ## - NOTA DE CONTENIDO CON FORMATO
Nota de contenido con formato Convocatorias
505 ## - NOTA DE CONTENIDO CON FORMATO
Nota de contenido con formato De nuestros colaboradores
650 ## - PUNTO DE ACCESO ADICIONAL DE MATERIA--TÉRMINO DE MATERIA
Fuente del encabezamiento o término Tesauro de Arte & Arquitectura
Término de materia o nombre geográfico como elemento de entrada ARTE
650 ## - PUNTO DE ACCESO ADICIONAL DE MATERIA--TÉRMINO DE MATERIA
Fuente del encabezamiento o término Tesauro de Arte & Arquitectura
Término de materia o nombre geográfico como elemento de entrada LITERATURA
9 (RLIN) 702
650 ## - PUNTO DE ACCESO ADICIONAL DE MATERIA--TÉRMINO DE MATERIA
Fuente del encabezamiento o término Tesauro de Arte & Arquitectura
Término de materia o nombre geográfico como elemento de entrada CULTURA
9 (RLIN) 702
651 ## - PUNTO DE ACCESO ADICIONAL DE MATERIA--NOMBRE GEOGRÁFICO
Fuente del encabezamiento o término Tesauro de Arte & Arquitectura
Nombre geográfico ARTE VISUAL
710 ## - ENTRADA AGREGADA--NOMBRE DE ENTIDAD CORPORATIVA
Nombre de entidad corporativa o nombre de jurisdicción como elemento de entrada Fundación LA LLAMA
Término indicativo de función/relación editor
942 ## - ELEMENTOS DE ENTRADA SECUNDARIOS (KOHA)
Fuente del sistema de clasificación o colocación Clasificación Decimal Dewey
Tipo de ítem Koha Libros
Parte de la signatura que corresponde a la clasificación (Parte de la clasificación) 700
Parte de la signatura que identifica el ejemplar (Parte del ítem) M385f
Suprimir en OPAC No
Holdings
Estatus retirado Estado de pérdida Fuente del sistema de clasificación o colocación Especificación de materiales (volumen encuadernado u otra parte) Estado de daño No para préstamo Colección Biblioteca de origen Biblioteca actual Fecha de adquisición Enumeración/cronología de publicación seriada Número de inventario Total de préstamos Signatura topográfica completa Código de barras Visto por última vez Precio de reemplazo Tipo de ítem Koha
    Clasificación Decimal Dewey 2002     Revistas Biblioteca LadoV Biblioteca LadoV 19/07/2023 2 002981   700 M385f 002981 19/07/2023 19/07/2023 Libros